Điều tra tài nguyên rừng lâm trường Thạnh Trị(cây tràm, đất, nước, cá, tôm, chim)

Gespeichert in:
Bibliographische Detailangaben
1. Verfasser: Lê Thị Ngọc ánh
Format: Buch
Sprache:Undetermined
Veröffentlicht: Cần Thơ Sở nông nghiệp 1992
Schlagworte:
Tags: Tag hinzufügen
Keine Tags, Fügen Sie den ersten Tag hinzu!
Thư viện lưu trữ: Trung tâm Học liệu Trường Đại học Cần Thơ
LEADER 00613nam a2200181Ia 4500
001 CTU_38816
008 210402s9999 xx 000 0 und d
082 |a 333.91 
082 |b A107 
100 |a Lê Thị Ngọc ánh 
245 0 |a Điều tra tài nguyên rừng lâm trường Thạnh Trị(cây tràm, đất, nước, cá, tôm, chim) 
245 0 |c Lê Thị Ngọc ánh 
260 |a Cần Thơ 
260 |b Sở nông nghiệp 
260 |c 1992 
650 |a agriculture - statistics 
904 |i Thanh, 970424 
980 |a Trung tâm Học liệu Trường Đại học Cần Thơ